Dva stupně v národních výborech?
Guardado en:
| Autor principal: | |
|---|---|
| Formato: | Libro |
| Lenguaje: | checo |
| Publicado: |
Praha
Ústav státní správy
1969
|
| Colección: | Studie a informace
|
| Etiquetas: |
Sin Etiquetas, Sea el primero en etiquetar este registro!
|
MARC
| LEADER | 00000nam a2200000 4500 | ||
|---|---|---|---|
| 001 | c122451 | ||
| 005 | 20250219084914.7 | ||
| 041 | 0 | |a cze | |
| 044 | |a CZ | ||
| 245 | 1 | 0 | |a Dva stupně v národních výborech? |c Miroslav Kovařík |
| 264 | 1 | |a Praha |b Ústav státní správy |c 1969 | |
| 300 | |a 192 s. | ||
| 490 | 1 | |a Studie a informace | |
| 830 | 0 | |a Studie a informace | |
| 100 | 1 | |a Kovařík, Miroslav | |